Detalles MARC
| 000 -LÍDER |
| Campo fijo de descripción fija |
01569cam a2200421 i 4500 |
| 001 - NÚMERO DE CONTROL |
| Campo de control |
a4438801 |
| 003 - IDENTIFICADOR DEL NÚMERO DE CONTROL |
| Campo de control |
CO-MdFUSB |
| 005 - FECHA Y HORA DE LA ULTIMA TRANSACCIÓN |
| control field |
20180813115813.0 |
| 008 - ELEMENTOS DE LONGITUD FIJA -- INFORMACIÓN GENERAL |
| Campo fijo de descripción fija -- Información general |
090303m20089999sp | |||| 001 00spa |
| 017 ## - COPYRIGHT OR LEGAL DEPOSIT NUMBER |
| Copyright or legal deposit number |
CO 1764-2007 |
| Assigning agency |
Oficina Depósito Legal Córdoba |
| 020 ## - NÚMERO INTERNACIONAL NORMALIZADO PARA LIBROS |
| Número Internacional Normalizado del libro |
9788493610241 |
| 040 ## - FUENTE DE CATALOGACIÓN |
| Agencia de catalogación original |
SpMaBN |
| Idioma de catalogación |
spa |
| Agencia que realiza la transcripción |
CO-MdFUSB |
| Convenciones de la descripción |
rda |
| Agencia que realiza la modificación |
CO-MdFUSBC |
| 041 1# - CÓDIGO DE IDIOMA |
| Código de idioma para texto/pista de sonido o título separado |
spa |
| Código de idioma original |
eng |
| 080 ## - UNIVERSAL DECIMAL CLASSIFICATION NUMBER |
| Universal Decimal Classification number |
1(081) MacIntyre, Alasdair C. |
| 082 ## - NÚMERO DE CLASIFICACIÓN DECIMAL DEWEY |
| Número de la edición del Dewey |
22 |
| Número de clasificación |
261.7 |
| Clave de autor-Numero de item |
M152 |
| 100 1# - ASIENTO PRINCIPAL--NOMBRE PERSONAL |
| Nombre personal |
MacIntyre, Alasdair C. |
| Fechas asociadas con el nombre |
1929- |
| Término relacionador |
autor |
| 245 10 - TÍTULO |
| Título del Material |
Ética y política : |
| Parte restante del título - Subtitulo |
ensayos escogidos |
| Mención de responsabilidad, etc. |
Alasdair MacIntyre ; traducción, Sebastián Montiel |
| 260 ## - PUBLICACIÓN, DISTRIBUCIÓN, ETC. (PIE DE IMPRENTA) |
| Nombre del editor, distribuidor, etc. |
Nuevo Inicio |
| 264 #1 - PRODUCCIÓN, PUBLICACIÓN, DISTRIBUCIÓN, MANUFACTURA, Y COPYRIGHT |
| Lugar de producción, publicación, distribución, manufactura |
Granada |
| Nombre del productor, publicador, distribuidor |
Nuevo Inicio |
| Fecha de producción, publicación, distribución, manufactura, o copyright |
[2008] |
| 300 ## - DESCRIPCIÓN FÍSICA |
| Extensión |
Volumen 2 , 358 páginas |
| Dimensiones |
22 cm |
| 336 ## - TIPO DE CONTENIDO |
| Fuente |
rdacontent |
| Término de tipo de contenido |
texto |
| Código de tipo de contenido |
txt |
| 337 ## - TIPO DE MEDIO |
| Fuente |
rdamedia |
| Nombre del tipo de medio |
sin mediación |
| Código del tipo de medio |
n |
| 338 ## - TIPO DE SOPORTE |
| Fuente |
rdacarrier |
| Nombre del tipo de soporte |
volumen |
| Código Tipo de soporte |
nc |
| 490 1# - MENCIÓN DE SERIE |
| Mención de serie |
Areópagos |
| 500 ## - NOTA GENERAL |
| Nota General |
"Publicaciones del Instituto de Filosofía Edith Stein" |
| 500 ## - NOTA GENERAL |
| Nota General |
Índice onomástico |
| 504 ## - NOTA DE BIBLIOGRAFÍA, ETC. |
| Nota de bibliografía, etc |
Incluye referencias bibliográficas. |
| 505 ## - NOTA DE CONTENIDO |
| Información miscelánea |
Parte I. |
| Título |
Aprendiendo de Aristóteles y de Tomás de Aquino. |
| Información miscelánea |
Parte II. |
| Título |
Ética |
| Información miscelánea |
Parte III: |
| Título |
La política de la ética. |
| 830 #0 - PUNTO DE ACCESO ADICIONAL DE SERIE - TÍTULO UNIFORME |
| Título uniforme |
Areópagos (Granada) |
| 942 ## - TIPO DE MATERIAL (KOHA) |
| Tipo de Item KOHA |
Libros General |
| 956 ## - LOCAL ELECTRONIC LOCATION AND ACCESS (OCLC) |
| Host name |
1 2 |
| 980 ## - EQUIVALENCE OR CROSS-REFERENCE-SERIES STATEMENT--PERSONAL NAME/TITLE [LOCAL, CANADA] |
| Personal name |
M-BN |
| Numeration |
BNALCALA |
| Attribution qualifier |
DLi/30137 |
| Titles and other words associated with a name |
CONSERVACI |
| Field link and sequence number |
1 |
| Personal name |
v. |
| Field link and sequence number |
1.2 |
| Personal name |
2 |
| Field link and sequence number |
0 |
| Personal name |
v. 2 |
| 980 ## - EQUIVALENCE OR CROSS-REFERENCE-SERIES STATEMENT--PERSONAL NAME/TITLE [LOCAL, CANADA] |
| Personal name |
M-BN |
| Numeration |
BNALCALA |
| Attribution qualifier |
AHI/38909 |
| Titles and other words associated with a name |
SG_PETANTI |
| Field link and sequence number |
1 |
| Personal name |
v. |
| Field link and sequence number |
1.2 |
| Personal name |
2 |
| Field link and sequence number |
0 |
| Personal name |
v. 2 |
| 980 ## - EQUIVALENCE OR CROSS-REFERENCE-SERIES STATEMENT--PERSONAL NAME/TITLE [LOCAL, CANADA] |
| Personal name |
M-BN |
| Numeration |
BNMADRID |
| Attribution qualifier |
5/54221 |
| Titles and other words associated with a name |
SG_RECOLET |
| Field link and sequence number |
1 |
| Personal name |
v. |
| Field link and sequence number |
1.2 |
| Personal name |
2 |
| Field link and sequence number |
0 |
| Personal name |
v. 2 |